000 00774nam a2200229Ii 4500
003 JO-AjNU
008 230605s9999||||xx |||||||||||||| ||und||
017 _a2009/9/4069
020 _a978-9957-07-685-6
040 _aJO-AjNU
_bara
_erda
_cJO-AjNU
041 _aara
050 1 4 _aBF173.M3.2010
100 3 _aمليكه، لويس كامل,
_eauthor
_942851
245 0 0 _aالتحليل النفسي والمنهج الانساني في العلاج النفسي
250 _aط1
264 3 1 _aعمان:دار الفكر ناشرون وموزعون ، 2010
300 _a338ص
336 _atext
_btxt
_2rdacontent
337 _aunmediated
_bn
_2rdamedia
338 _avolume
_bnc
_2rdacarrier
650 4 _aالطب النفسي-التحليل النفسي
_942852
999 _aA18379
_c21947
_d21947